00863nam a2200217 a 450000100100000000500170001000800410002702000150006804000250008310000260010824501610013426000490029530000370034450000260038150400190040770000280042670000320045470000370048695201050052399900170062800003626120200930075632.0120111s1987 mx 000 0 spa d a968251150x aDO-SdBNPbspacBNPHU1 aOlds, Sally B.96236210aEnfermeria materno infantil :bun concepto integral familiar /cSally B. Olds, Marcia L. Lodon, Patricia A. Ladewig ; traducción Santiago Sapiña Renard. aMéxico :bEditorial Interamericana,c1987. a1283 p. :bil., retrs. ;c29 cm. aTextos a dos columnas aBibliografía12aLodon, Marcia L.96236312aLadewin, Patricia A.96236412aSapiña Renard, Santiago962351 001050718MOaGRbGRcCTd2012-01-11iLF1l0o p36261-10r2020-06-25w2020-06-25y1ZNo se presta c35752d35752